Top Countries With The Most Territories - Statistics

General Stats
  • This quiz has been taken 65 times
    23 since last reset
  • The average score is 13 of 18
Answer Stats
Percent Country % Correct
7,6% Australia
100%
14,5% United Kingdom
100%
1,7% China
95%
11,9% France
95%
16,2% United States
95%
5,9% New Zealand
89%
1,7% Denmark
84%
4,2% Spain
84%
1,7% Japan
79%
3,4% Portugal
79%
5,1% Netherlands
74%
3,4% Norway
74%
1,7% Indonesia
68%
2,5% Italy
68%
2,5% Chile
58%
7,6% Greece
47%
0,8% South Africa
47%
0,8% Yemen
11%
No matching quizzes found
Score Distribution
Percent of People with Each Score
Percentile by Number Answered
Your Score History
You have not taken this quiz since the last reset